Formación ciudadana

I tiakina i:
Ngā taipitopito rārangi puna kōrero
Kaituhi matua: Magendzo K., Abraham (autor)
Hōputu: Pukapuka
Reo:Pāniora
I whakaputaina: Bogotá Magisterio 2004
Putanga:1a. ed
Rangatū:Transversales
Ngā marau:
Ngā Tūtohu: Tāpirihia he Tūtohu
Kāore He Tūtohu, Me noho koe te mea tuatahi ki te tūtohu i tēnei pūkete!

MARC

LEADER 00000cam a2200000 a 4500
001 UCF1022
003 CL-VaPUC
008 120621e20040000CK |||||||||||||||||spa|d
020 |a 9582007834 
082 0 4 |a 372.832  |b MAG  |2 21 
100 |a Magendzo K., Abraham  |e autor  |9 616737 
245 1 0 |a Formación ciudadana 
250 |a 1a. ed 
300 |a 119 p 
942 |c BK 
945 |d 20120621 00:00:00  |a cmena 
260 |a Bogotá  |b Magisterio  |c 2004 
650 0 |a Educación cívica  |9 314665 
650 0 |a Ciudadanía  |9 258339 
650 0 |a Derechos humanos  |9 223025 
650 0 |a Discriminación   |9 335101 
650 0 |a Educación moral  |9 308319 
583 |a last modification  |c 20140411 05:16:59  |k Rodrigo Vera 
490 0 |a Transversales 
999 |c 348037  |d 348035 
952 |0 0  |1 0  |4 0  |6 372_832000000000000_MAG_2004  |7 0  |8 A  |9 449896  |a BIBHIS  |b BIBHIS  |d 2019-11-22  |i 4875702  |l 2  |o 372.832 MAG 2004  |p 4875702  |r 2025-03-14  |s 2025-03-10  |w 2019-11-22  |y BK  |k HIS